000 00620nam a2200241Ia 4500
003 OSt
005 20220918195700.0
006 a|||||r|||| 00| 0
007 ta
008 220917b |||||||| |||| 00| 0 eng d
024 _a85,813
037 _cTextual
040 _aARTS
_cARTS
_beng
041 _2eng
_aeng
082 _aT:3 (P111), L6
100 _aSaunders M
_991070
245 0 _aDevelopment in English teaching
260 _aLondon
_bOpen Books
_c1976
300 _ax, 126p.
_ccm.
650 _aEDUCATION
942 _hT:3 (P111), L6
_cTEXL
_2CC
999 _c209515
_d209515